Самостоятельная работа иностранного студента как один из способов социальной адаптации к обучению в российском вузе; Т. 2

Bibliografiset tiedot
Parent link:Т. 2.— 2008.— С. 107-111
Päätekijä: Раковская В. С.
Kieli:venäjä
Julkaistu: 2008
Aiheet:
Aineistotyyppi: Kirjan osa
KOHA link:https://koha.lib.tpu.ru/cgi-bin/koha/opac-detail.pl?biblionumber=156162

MARC

LEADER 00000naa2a2200000 4500
001 156162
005 20231031152935.0
035 |a (RuTPU)RU\TPU\book\169363 
090 |a 156162 
100 |a 20090324d2008 k y0rusy50 ca 
101 0 |a rus 
102 |a RU 
200 1 |a Самостоятельная работа иностранного студента как один из способов социальной адаптации к обучению в российском вузе  |f В. С. Раковская 
320 |a Библиогр.: 4 назв. 
463 0 |0 (RuTPU)RU\TPU\book\163845  |y 5-87307-071-7  |t Т. 2  |v С. 107-111  |d 2008  |p 200 с. 
610 1 |a иностранные студенты 
610 1 |a адаптация 
610 1 |a социальная адаптация 
610 1 |a обучение 
610 1 |a вузы 
610 1 |a самостоятельная работа 
610 1 |a Россия 
610 1 |a труды учёных ТПУ 
700 1 |a Раковская  |b В. С. 
801 1 |a RU  |b 63413507  |c 20090324  |g PSBO 
942 |c BK